00000000cam 2200000zi 4500
0019.962671
003CaOODSP
00520260629144455
006m     o  d f      
007cr mn|||||||||
008260508t20262026mbcab   ob   f000 0 eng d
020 |a9780660999050
040 |aCaOODSP|beng|erda|cCaOODSP
043 |an-cn-qu
045 |ax8y2
0861 |aEn78-6/2026E-PDF
1001 |aLesage, V., |d1968- |eauthor.
24510|aSt. Lawrence Estuary beluga whale.
250 |a[2026 edition].
264 1|aWinnipeg, Manitoba : |bCanada Water Agency, |c[2026]
264 4|c©2026
300 |a1 online resource (13 unnumbered pages) : |billustrations, colour map
336 |atext|btxt|2rdacontent
337 |acomputer|bc|2rdamedia
338 |aonline resource|bcr|2rdacarrier
500 |aIssued also in French under title: Le béluga de l'estuaire du Saint-Laurent.
500 |aAt head of title: Monitoring the state of the St. Lawrence River.
500 |a"Plan d'action Saint Laurent 2021-2026."
500 |a"Prepared by Véronique Lesage …"--Page [13].
504 |aIncludes bibliographical references (pages [8]-[12]).
650 0|aWhite whale|zQuébec (Province)|zSaint Lawrence River Estuary.
650 0|aWhale populations|zQuébec (Province)|zSaint Lawrence River Estuary.
650 0|aEnvironmental indicators|zQuébec (Province)|zSaint Lawrence River Estuary.
7102 |aCanada Water Agency, |eissuing body.
77508|tLe béluga de l'estuaire du Saint-Laurent.|w(CaOODSP)9.962673
795 |tSt. Lawrence estuary beluga whale / |b[2021 edition]|w(CaOODSP)9.899139
85640|qPDF|s1.74 MB|uhttps://publications.gc.ca/collections/collection_2026/eccc/En78-6-2026-eng.pdf
8564 |qHTML|sN/A|uhttps://www.canada.ca/en/canada-water-agency/freshwater-ecosystem-initiatives/st-lawrence-river/publications/st-lawrence-estuary-beluga-whale.html